[Event "22nd SEA Games Standard"]
[Site "Ho Chi Minh City"]
[Date "2003.12.12"]
[Round "8"]
[White "Adianto, Utut"]
[Black "Torre, Eugenio"]
[Result "1/2-1/2"]
[WhiteElo "2581"]
[BlackElo "2520"]
[PlyCount "85"]
[EventDate "2003.12.08"]
[Source "Roberto Alvarez"]
[SourceDate "2003.12.15"]

1. d4 d6 2. Nf3 Bg4 3. g3 Bxf3 4. exf3 g6 5. Bg2 d5 6. O-O Bg7 7. Re1 e6 8. c3 c6 9. a4 Ne7 10. Qb3 Qc8 11. Bg5 Nd7 12. Bxe7 Kxe7 13. Qa3+ Kf6 14. c4 Bf8 15. Qe3 Kg7 16. Nc3 dxc4 17. Ne4 Be7 18. Rac1 Rd8 19. Bh3 Nb6 20. Nc5 Bf6 21. Bxe6 fxe6 22. Nxe6+ Kh8 23. Nxd8 Qxd8 24. Qe6 Bxd4 25. a5 Nd5 26. Rxc4 c5 27. Rc2 Qxa5 28. Rce2 Nf6 29. Qf7 Qd8 30. Qxb7 Ng8 31. Kg2 a5 32. b3 Rb8 33. Qf7 Qf6 34. Qd5 Rd8 35. Qb7 Bc3 36. Re6 Qg7 37. Qb6 Bxe1 38. Qxd8 Bc3 39. Re8 Qf7 40. Qb8 Bd4 41. Rf8 Qe6 42. Re8 Qf7 43. Rf8 1/2-1/2

[Event "Beersheba"]
[Site "?"]
[Date "1994.??.??"]
[Round "?"]
[White "Huzman Alexander"]
[Black "Gofshtein Zvulon"]
[Result "1-0"]
[WhiteElo "2575"]
[BlackElo "2525"]
[PlyCount "40"]
[EventDate "1994.??.??"]
[Source "www.chesslib.no"]
[SourceDate "2004.05.04"]

1. d4 d6 2. Nf3 Bg4 3. c4 Nd7 4. e4 e5 5. Be2 Be7 6. Nc3 Bxf3 7. Bxf3 Bg5 8. Bxg5 Qxg5 9. dxe5 Nxe5 10. O-O Ne7 11. Be2 Nd7 12. Nb5 Qc5 13. b4 Qb6 14. a4 Nf6 15. a5 Qc6 16. Bf3 Qd7 17. e5 dxe5 18. Qxd7+ Kxd7 19. Bxb7 Rab8 20. Rfd1+ Ke6 1-0

[Event "Isle of Man op"]
[Site "?"]
[Date "1996.??.??"]
[Round "3"]
[White "Gofshtein Leonid D"]
[Black "Hodgson Julian M"]
[Result "1/2-1/2"]
[WhiteElo "2545"]
[BlackElo "2550"]
[PlyCount "51"]
[EventDate "1996.??.??"]
[Source "www.chesslib.no"]
[SourceDate "2004.05.04"]

1. d4 d6 2. Nf3 Bg4 3. e4 Nf6 4. Nc3 e6 5. h3 Bh5 6. Qe2 c6 7. g4 Bg6 8. h4 h5 9. g5 Nfd7 10. Bf4 d5 11. exd5 cxd5 12. Nb5 Na6 13. Ne5 Nxe5 14. Bxe5 Rc8 15. c3 Qb6 16. Qe3 Nb8 17. Qg3 Nd7 18. Bc7 Qc6 19. Bd6 Qb6 20. a4 Bxd6 21. Nxd6+ Ke7 22. Nxc8+ Rxc8 23. b4 a5 24. b5 Qc7 25. Qxc7 Rxc7 26. Kd2 1/2-1/2

[Event "Brussel"]
[Site "Brussel Brussels"]
[Date "1991.??.??"]
[Round "?"]
[White "Van Wely, Loek"]
[Black "Anand, Viswanathan"]
[Result "0-1"]
[WhiteElo "2460"]
[BlackElo "2635"]
[PlyCount "86"]
[EventDate "1991.??.??"]
[Source "www.chesslib.no"]
[SourceDate "2004.05.04"]

1. d4 d6 2. Nf3 Bg4 3. c4 Nd7 4. Nc3 Bxf3 5. exf3 g6 6. Be2 Bg7 7. O-O Ngf6 8. d5 O-O 9. f4 Re8 10. Bf3 Nb6 11. Qd3 Nfd7 12. b3 e6 13. dxe6 Rxe6 14. Bb2 c6 15. Rad1 Qf8 16. g3 Rae8 17. h4 f5 18. h5 g5 19. g4 fxg4 20. Bxg4 Qxf4 21. Bxe6+ Rxe6 22. Qg3 Qxg3+ 23. fxg3 Re3 24. Kf2 Rxc3 25. Bxc3 Bxc3 26. Rxd6 Bb4 27. Re6 Kf7 28. Rh6 Kg7 29. Re6 Nf6 30. Kf3 Nbd7 31. g4 Kf7 32. Re2 Bc3 33. Ke3 Ne5 34. Rf5 h6 35. a3 Ke6 36. Rxe5+ Bxe5 37. Kf3 a5 38. b4 a4 39. Rd2 Nd7 40. Ke4 c5 41. Rd3 cxb4 42. axb4 Bb2 43. Re3 Ne5 0-1

[Event "04"]
[Site "04, Dortmund"]
[Date "1992.??.??"]
[Round "?"]
[White "Dautov, Rustem"]
[Black "Tischbierek, Raj"]
[Result "1/2-1/2"]
[WhiteElo "2610"]
[BlackElo "2485"]
[PlyCount "120"]
[EventDate "1992.??.??"]
[Source "www.chesslib.no"]
[SourceDate "2004.05.04"]

1. d4 d6 2. Nf3 Bg4 3. e4 Nf6 4. Bd3 e6 5. Bg5 Be7 6. Nbd2 O-O 7. c3 d5 8. e5 Nfd7 9. Bxe7 Qxe7 10. Qc2 h6 11. Qb3 Nb6 12. a4 a5 13. h3 Bxf3 14. Nxf3 N8d7 15. O-O c5 16. Be2 Rfc8 17. Qa3 Kf8 18. Qb3 Kg8 19. Bb5 cxd4 20. cxd4 Rc7 21. Rfc1 Rac8 22. Rc3 Rxc3 23. bxc3 Nf8 24. Rb1 Nc4 25. Bxc4 Rxc4 26. Nd2 Rc7 27. c4 Qg5 28. Qb6 Rd7 29. Nf3 Qf5 30. cxd5 exd5 31. Rc1 Ne6 32. Qxa5 Nf4 33. Kh2 Nh5 34. Qd2 Nf4 35. Rc8+ Kh7 36. Qc2 Qxc2 37. Rxc2 b6 38. g3 Ne6 39. Rb2 Ra7 40. Rb4 Kg6 41. Nh4+ Kh7 42. Nf5 Nd8 43. f4 g6 44. Nd6 Nc6 45. Rxb6 Nxd4 46. Rb7 Rxb7 47. Nxb7 g5 48. a5 gxf4 49. gxf4 Nc6 50. a6 Kg6 51. Nd6 d4 52. Kg3 d3 53. Kf3 h5 54. Ne4 Kf5 55. Nf2 d2 56. Nd1 Nd4+ 57. Ke3 Nc6 58. Kf3 Nd4+ 59. Ke3 Nc6 60. Kf3 Nd4+ 1/2-1/2

[Event "Cappelle Open"]
[Site "Cappelle la Grande FRA"]
[Date "1995.??.??"]
[Round "9"]
[White "Shabalov, Alexander"]
[Black "Sokolovs, Andrei"]
[Result "1/2-1/2"]
[WhiteElo "2570"]
[BlackElo "2520"]
[PlyCount "46"]
[EventDate "1995.03.??"]
[Source "www.chesslib.no"]
[SourceDate "2004.05.04"]

1. d4 d6 2. Nf3 Bg4 3. c4 Nd7 4. d5 e5 5. dxe6 Bxe6 6. e4 Ngf6 7. Nc3 Nc5 8. Qc2 Be7 9. Nd4 O-O 10. Be2 c6 11. O-O a5 12. Be3 Qc7 13. Rac1 Rad8 14. h3 Bc8 15. a3 g6 16. b4 axb4 17. axb4 Ne6 18. Nb3 Ng7 19. Qa2 Rde8 20. Qa7 Bd8 21. Bf3 Qe7 22. Na5 Nd7 23. Be2 f5 1/2-1/2

[Event "Heraklio Open"]
[Site "Heraklio GRE"]
[Date "1993.??.??"]
[Round "7"]
[White "Cramling, Pia"]
[Black "Miles, Anthony J"]
[Result "0-1"]
[WhiteElo "2525"]
[BlackElo "2565"]
[PlyCount "92"]
[EventDate "1993.??.??"]
[Source "www.chesslib.no"]
[SourceDate "2004.05.04"]

1. d4 d6 2. Nf3 Bg4 3. c4 Nd7 4. e4 e5 5. Be2 Be7 6. Nc3 Bxf3 7. Bxf3 Bg5 8. Bg4 Bxc1 9. Bxd7+ Qxd7 10. Rxc1 Ne7 11. O-O Nc6 12. d5 Ne7 13. Qa4 a5 14. Qxd7+ Kxd7 15. Na4 b6 16. b3 Rhf8 17. Nc3 f5 18. f3 h5 19. g3 f4 20. gxf4 Rxf4 21. Ne2 Rh4 22. f4 Ng6 23. f5 Nf8 24. Nc3 Nh7 25. Rf3 Rg8 26. Rg3 Nf6 27. Re1 Rg4 28. Rxg4 hxg4 29. Re3 Rh8 30. Nd1 Rh4 31. Nf2 Nh5 32. Kg2 Ke7 33. a3 Kf6 34. b4 a4 35. c5 Nf4+ 36. Kg3 Kg5 37. cxd6 cxd6 38. Re1 Nd3 39. Nxd3 Rh3+ 40. Kf2 Rxd3 41. Rc1 Kf4 42. Rc7 Rxa3 43. Rxg7 Ra2+ 44. Ke1 Rxh2 45. f6 Rh6 46. f7 Rf6 0-1

[Event "Biel"]
[Site "Biel"]
[Date "1989.??.??"]
[Round "?"]
[White "Sokolov, Ivan"]
[Black "Torre, Eugenio"]
[Result "1/2-1/2"]
[WhiteElo "2525"]
[BlackElo "2560"]
[PlyCount "40"]
[EventDate "1989.07.??"]
[Source "ChessBase"]

1. d4 d6 2. Nf3 Bg4 3. c4 Bxf3 4. exf3 c6 5. Nc3 Nf6 6. Bd3 d5 7. O-O e6 8. cxd5 Nxd5 9. f4 g6 10. f5 gxf5 11. Re1 Kd7 12. Nxd5 cxd5 13. Bf4 Nc6 14. Qh5 Bg7 15. Qxf7+ Qe7 16. Qh5 Raf8 17. Bb5 Bxd4 18. Qe2 Bb6 19. Rad1 Re8 20. Qf3 Qc5 1/2-1/2

[Event "Bundesliga 9394"]
[Site "GER"]
[Date "1994.??.??"]
[Round "?"]
[White "Stohl, Igor"]
[Black "Norwood, David"]
[Result "1-0"]
[WhiteElo "2560"]
[BlackElo "2525"]
[PlyCount "66"]
[EventDate "1993.10.??"]
[Source "www.chesslib.no"]
[SourceDate "2004.05.04"]

1. d4 d6 2. Nf3 Bg4 3. c4 Nd7 4. d5 Bxf3 5. exf3 g6 6. Nc3 Bg7 7. Be3 Nh6 8. g4 Ne5 9. Be2 f5 10. Qd2 Nhf7 11. Rg1 Rg8 12. O-O-O c5 13. Rg3 Qa5 14. Qc2 Nd7 15. Nb5 O-O-O 16. Kb1 a6 17. Bd2 Qb6 18. Nc3 fxg4 19. fxg4 Rdf8 20. g5 Nd8 21. f4 e5 22. dxe6 Nxe6 23. Nd5 Qd8 24. Bg4 Nd4 25. Qa4 Nf5 26. Ba5 Qe8 27. Re1 Ne5 28. Qxe8+ Rxe8 29. fxe5 Bxe5 30. Rf3 b5 31. Bxf5+ gxf5 32. Rxf5 b4 33. Rfxe5 dxe5 1-0

[Event "Groningen"]
[Site "Groningen"]
[Date "1990.??.??"]
[Round "?"]
[White "Piket, Jeroen"]
[Black "Adams, Michael"]
[Result "1/2-1/2"]
[WhiteElo "2495"]
[BlackElo "2590"]
[PlyCount "34"]
[EventDate "1990.12.??"]
[Source "ChessBase"]

1. d4 d6 2. Nf3 Bg4 3. c4 Nd7 4. e4 e5 5. Be2 Be7 6. Nc3 Bxf3 7. Bxf3 Bg5 8. Bxg5 Qxg5 9. O-O Qd8 10. dxe5 dxe5 11. Qb3 Qc8 12. Rad1 Ngf6 13. Qa3 c6 14. Rd2 Qc7 15. Rfd1 Nf8 16. Qa4 N8d7 17. Qa3 Nf8 1/2-1/2

[Event "Breda"]
[Site "?"]
[Date "1998.??.??"]
[Round "?"]
[White "Brenninkmeijer Joris"]
[Black "Hodgson Julian M"]
[Result "0-1"]
[WhiteElo "2505"]
[BlackElo "2575"]
[PlyCount "106"]
[EventDate "1998.??.??"]
[Source "www.chesslib.no"]
[SourceDate "2004.05.04"]

1. d4 d6 2. Nf3 Bg4 3. c4 Nd7 4. g3 Bxf3 5. exf3 g6 6. Bg2 Bg7 7. O-O Nh6 8. Bxh6 Bxh6 9. Nc3 O-O 10. f4 c6 11. Re1 Bg7 12. d5 cxd5 13. Nxd5 e6 14. Nc3 Bxc3 15. bxc3 Qc7 16. h4 Rad8 17. Qd4 b6 18. Rad1 Qc5 19. Bf1 Rfe8 20. Qxd6 Qxd6 21. Rxd6 Nc5 22. Rd4 h5 23. f3 Kg7 24. Kf2 Rc8 25. Ke3 Re7 26. Kd2 Rec7 27. Re5 Nb7 28. Rb5 Kf6 29. Be2 Ke7 30. Rb4 Na5 31. Ra4 Rc5 32. Bd3 R8c7 33. Be2 Nc6 34. Rd3 Nb8 35. Rd4 Nd7 36. Kc2 R5c6 37. Rb4 Nc5 38. g4 Rc8 39. Rd1 Rh8 40. Rh1 Rd6 41. g5 Rhd8 42. Rd1 Rxd1 43. Bxd1 Nd3 44. Ra4 Rd7 45. c5 Nxc5 46. Rc4 Nd3 47. Be2 Ne1+ 48. Kc1 Ng2 49. Rc8 Nxh4 50. Bb5 Rd8 51. Rc7+ Kf8 52. Rxa7 Nf5 53. Rb7 h4 0-1

[Event "New York Open"]
[Site "New York, NY USA"]
[Date "1989.??.??"]
[Round "9"]
[White "Razuvaev, Yuri S"]
[Black "Christiansen, Larry M"]
[Result "0-1"]
[WhiteElo "2550"]
[BlackElo "2530"]
[PlyCount "80"]
[EventDate "1989.03.??"]
[Source "www.chesslib.no"]
[SourceDate "2004.05.04"]

1. d4 d6 2. Nf3 Bg4 3. c4 Nd7 4. e4 e5 5. d5 Be7 6. Nc3 Bxf3 7. Qxf3 Bg5 8. Bxg5 Qxg5 9. g3 a6 10. h4 Qe7 11. Bh3 h5 12. O-O Ndf6 13. b4 Nh6 14. Qe3 Nh7 15. c5 g5 16. c6 b6 17. Bd7+ Kf8 18. Kg2 Rg8 19. Rh1 Qf6 20. hxg5 Rxg5 21. Rh4 Ke7 22. Rah1 Qg6 23. a4 Nf6 24. a5 b5 25. Qf3 Rg8 26. Nd1 Nxd7 27. cxd7 Ng4 28. Ne3 Nxe3+ 29. Qxe3 f5 30. exf5 Rxf5 31. Qa7 Rgf8 32. Rf1 Qf7 33. Kg1 Kxd7 34. Rc1 Rc8 35. Rd1 Rf3 36. Re4 Rxg3+ 37. fxg3 Qf3 38. Rde1 Qxg3+ 39. Kf1 Qf3+ 40. Qf2 Qh1+ 0-1

[Event "4th IECC"]
[Site "Istanbul"]
[Date "2003.06.10"]
[Round "10"]
[White "Avrukh, Boris"]
[Black "Sanduleac, Vasile"]
[Result "1-0"]
[WhiteElo "2586"]
[BlackElo "2492"]
[PlyCount "57"]
[EventDate "2003.05.30"]
[Source "Roberto Alvarez"]
[SourceDate "2003.06.23"]

1. d4 d6 2. Nf3 Bg4 3. c4 Bxf3 4. exf3 c6 5. Nc3 Nf6 6. g4 e6 7. g5 Nfd7 8. d5 cxd5 9. cxd5 e5 10. f4 Be7 11. fxe5 Nxe5 12. f4 Ned7 13. Bd3 Na6 14. Kf1 Nac5 15. Bc2 a5 16. Be3 O-O 17. h4 Re8 18. Bd4 Bf8 19. h5 b5 20. Qb1 h6 21. gxh6 Nf6 22. hxg7 Bxg7 23. h6 Bh8 24. Rg1+ Kf8 25. h7 b4 26. Ne2 Qd7 27. Bf5 Qb5 28. Qc2 Ke7 29. Kf2 1-0

[Event "EU-ch 4th"]
[Site "?"]
[Date "2003.06.07"]
[Round "8"]
[White "Shneider Aleksandr"]
[Black "Gagunashvili Merab"]
[Result "0-1"]
[WhiteElo "2497"]
[BlackElo "2580"]
[PlyCount "106"]
[EventDate "2003.??.??"]
[Source "www.chesslib.no"]
[SourceDate "2004.05.04"]

1. d4 d6 2. Nf3 Bg4 3. c4 Nd7 4. Nc3 Bxf3 5. exf3 g6 6. Be2 Bg7 7. O-O c6 8. Be3 Ngf6 9. g4 O-O 10. f4 Nb6 11. f5 gxf5 12. gxf5 Qd7 13. Qc2 Kh8 14. Kh1 c5 15. dxc5 Qc6+ 16. f3 dxc5 17. Rad1 Rad8 18. b3 Nc8 19. Ne4 b6 20. Nxf6 Qxf6 21. Bd3 Bh6 22. Bf2 Nd6 23. Bg3 Be3 24. Rde1 Bd4 25. Re2 Rg8 26. Rfe1 Rd7 27. Rf1 Rg7 28. Rfe1 Qh6 29. Rg2 Ne8 30. Be4 Nf6 31. Bb8 Rd8 32. Rxg7 Qxg7 33. Bg3 Rg8 34. Re2 Qh6 35. Rg2 Nh5 36. Bc7 Rc8 37. Bg3 Rd8 38. Be1 Be5 39. Rd2 Rg8 40. Rg2 Rxg2 41. Qxg2 Nf4 42. Bd2 Qd6 43. Bxf4 Bxf4 44. Bd5 Qf6 45. Qf2 Qa1+ 46. Qg1 Qf6 47. Qg4 Be3 48. f4 Qa1+ 49. Kg2 Qg1+ 50. Kh3 Qf1+ 51. Bg2 Qd3 52. Bd5 Bxf4+ 53. Kh4 Qd2 0-1

[Event "WchT 3rd"]
[Site "Lucerne SUI"]
[Date "1993.??.??"]
[Round "1"]
[White "Bagirov, Vladimir K"]
[Black "Minasian, Artashes"]
[Result "1/2-1/2"]
[WhiteElo "2530"]
[BlackElo "2545"]
[PlyCount "67"]
[EventDate "1993.10.??"]
[Source "www.chesslib.no"]
[SourceDate "2004.05.04"]

1. d4 d6 2. Nf3 Bg4 3. c4 Bxf3 4. exf3 g6 5. Nc3 Bg7 6. Be3 c6 7. Be2 Nf6 8. O-O O-O 9. f4 d5 10. c5 b5 11. a4 b4 12. Na2 a5 13. Nc1 e6 14. Nd3 Kh8 15. h4 Ng8 16. h5 Nh6 17. hxg6 hxg6 18. g4 f5 19. g5 Nf7 20. Kg2 Kg8 21. Rh1 Nd7 22. Rh3 Re8 23. Qh1 Nf8 24. Qh2 Ra7 25. Rh1 Ree7 26. b3 Qc7 27. Kf1 Ra8 28. Rh4 Rb8 29. Ne1 Rd8 30. Nf3 Rb8 31. Bd3 Rd8 32. Ne5 Nxe5 33. fxe5 Kf7 34. Ke2 1/2-1/2

[Event "CRO-Cup"]
[Site "?"]
[Date "2000.??.??"]
[Round "2"]
[White "Cebalo Miso"]
[Black "Dizdarevic Emir"]
[Result "1/2-1/2"]
[WhiteElo "2553"]
[BlackElo "2520"]
[PlyCount "55"]
[EventDate "2000.??.??"]
[Source "www.chesslib.no"]
[SourceDate "2004.05.04"]

1. d4 d6 2. Nf3 Bg4 3. e4 Nf6 4. Nc3 e6 5. h3 Bh5 6. g4 Bg6 7. Qe2 d5 8. exd5 Nxd5 9. Nxd5 Qxd5 10. Bg2 Qe4 11. Nh4 Qxe2+ 12. Kxe2 c6 13. Nxg6 hxg6 14. h4 Nd7 15. c4 f5 16. h5 gxh5 17. Rxh5 Rxh5 18. gxh5 Nf6 19. Bf3 Rd8 20. Be3 f4 21. Bxf4 Rxd4 22. Be3 Rxc4 23. b3 Rh4 24. Bg5 Rh3 25. h6 Kf7 26. hxg7 Bxg7 27. Bxf6 Bxf6 28. Rh1 1/2-1/2

[Event "Lippstadt"]
[Site "Lippstadt"]
[Date "1994.??.??"]
[Round "1"]
[White "Boensch, Uwe"]
[Black "Hickl, Joerg"]
[Result "0-1"]
[WhiteElo "2535"]
[BlackElo "2535"]
[PlyCount "100"]
[EventDate "1994.06.??"]
[Source "ChessBase"]

1. d4 d6 2. Nf3 Bg4 3. e4 Nf6 4. h3 Bh5 5. Bd3 e6 6. O-O Be7 7. Re1 d5 8. exd5 Nxd5 9. Nbd2 O-O 10. Nb3 Nd7 11. c4 N5f6 12. Bg5 c6 13. Qe2 a5 14. Rad1 a4 15. Nc1 Re8 16. g4 Bg6 17. Bxg6 hxg6 18. Nd3 Qb6 19. Nde5 Bb4 20. Rf1 Qc7 21. Rd3 Nxe5 22. dxe5 Nh7 23. Be3 Be7 24. Rfd1 Red8 25. a3 Rxd3 26. Rxd3 c5 27. Qd1 Nf8 28. h4 Qc6 29. Bg5 f6 30. exf6 gxf6 31. Bh6 Qe4 32. Nh2 Qxc4 33. Bxf8 Kxf8 34. Qd2 Ke8 35. h5 gxh5 36. gxh5 Kf7 37. Rg3 Rh8 38. Ng4 Qd4 39. Qe2 c4 40. h6 Bd6 41. Rh3 f5 42. Ne3 b5 43. Qh5+ Kf6 44. h7 Qxb2 45. Qd1 Ke7 46. Nxf5+ exf5 47. Re3+ Kd7 48. Qd5 Kc7 49. Qf7+ Kb6 50. Qg8 Bc5 0-1

[Event "AZ Sanace Cup"]
[Site "Olomouc"]
[Date "1998.08.14"]
[Round "7"]
[White "Babula, Vlastimil"]
[Black "Mokry, Karel"]
[Result "1/2-1/2"]
[WhiteElo "2575"]
[BlackElo "2495"]
[PlyCount "86"]
[EventDate "1998.08.08"]
[Source "ChessBase"]
[SourceDate "1998.11.30"]

1. d4 d6 2. Nf3 Bg4 3. c4 g6 4. g3 Bg7 5. Bg2 c6 6. Nc3 Nf6 7. O-O O-O 8. h3 Bxf3 9. Bxf3 Qd7 10. Qb3 Na6 11. e4 e5 12. dxe5 dxe5 13. Be3 b6 14. c5 Nxc5 15. Bxc5 bxc5 16. Kg2 Rfb8 17. Qc2 Bf8 18. Na4 Qe7 19. Rac1 Rb5 20. Rfd1 Rd8 21. Rxd8 Qxd8 22. b3 h5 23. Be2 Rb4 24. Nxc5 h4 25. Nd3 Rxe4 26. Bf3 hxg3 27. Bxe4 Nxe4 28. Nxe5 gxf2 29. Nf3 Qd5 30. Qe2 Bc5 31. Rd1 Qf5 32. Rd8+ Kh7 33. Re8 Nc3 34. Qc4 f1=Q+ 35. Qxf1 Nd5 36. Qe1 Nf4+ 37. Kg3 Bd6 38. Qe4 Qxh3+ 39. Kf2 Qg2+ 40. Ke1 Bb4+ 41. Kd1 Qf1+ 42. Kc2 Qg2+ 43. Kd1 Qf1+ 1/2-1/2